Green building benefits

Zelené budovy ako jeden z najzásadnejších svetových trendov, ktorý môže viesť k mnohým ekonomickým, ekologickým a sociálnym benefitom. Zelené stavby poskytujú výhody, ktoré konvenčné stavby neposkytujú, ako napríklad úspora energie a vody, redukcia odpadu, vyššia kvalita vnútorného prostredia, vyšší...

Ausführliche Beschreibung

Gespeichert in:
Bibliographische Detailangaben
1. Verfasser: Vovk, M.S
Weitere Verfasser: Mashenko, S.O, Goncharova, K.V
Format: Buchkapitel
Sprache:Englisch
Schlagworte:
Tags: Tag hinzufügen
Keine Tags, Fügen Sie das erste Tag hinzu!

MARC

LEADER 00000nla a2200000 4500
001 0228407
005 20240417075112.4
041 0 |a eng 
044 |a DE 
245 1 0 |a Green building benefits  |c M.S. Vovk, S.O. Mashenko, K.V. Goncharova 
520 |a Zelené budovy ako jeden z najzásadnejších svetových trendov, ktorý môže viesť k mnohým ekonomickým, ekologickým a sociálnym benefitom. Zelené stavby poskytujú výhody, ktoré konvenčné stavby neposkytujú, ako napríklad úspora energie a vody, redukcia odpadu, vyššia kvalita vnútorného prostredia, vyšší komfort a produktivita zamestnancov, znížené zdravotné výdavky (na) zamestnancov, nižšie náklady na prevádzku a údržbu. 
610 2 0 |a stavby 
610 2 0 |a budovy 
610 2 0 |a ekológia 
610 2 0 |a úspory 
610 2 0 |a úspory energie 
610 2 0 |a úspory finančné 
610 2 0 |a úspory materiálu 
610 2 0 |a prostredie pracovné 
610 2 0 |a zdravie 
610 2 0 |a zamestnanci 
610 2 0 |a produktivita práce 
100 1 |a Vovk, M.S. 
700 1 |a Mashenko, S.O. 
700 1 |a Goncharova, K.V.